[Event "<1600 WORLD CUP blitz"]
[Site "SchemingMind.com"]
[Date "2009.09.10"]
[Round "-"]
[White "TheTrainer"]
[Black "dtedesco"]
[Result "1-0"]
[WhiteCountry "USA"]
[BlackCountry "CAN"]
[WhiteElo "1227"]
[WhiteRD "101"]
[BlackElo "1520"]
[BlackRD "73"]
[GameID "219186"]

1. e4 c5 2. Nc3 e6 3. Bd3 Nc6 4. Nf3 d6 5. Bb5 Bd7 6. d4 d5 7. exd5 exd5 8. Qe2+ Be7 9. dxc5 Nf6 10. b4 Nxb4
11. Bxd7+ Qxd7 12. Bf4 Rc8 13. a3 Ne4 14. Nxe4 dxe4 15. Ne5 Qd4 16. axb4 Qxa1+ 17. Qd1 Qc3+ 18. Qd2 Qa1+ 19. Qd1 Qa6 20. Qd7+ Kf8
21. Qxc8+ Bd8 22. Qxd8#
1-0

[Event "<1600 WORLD CUP blitz"]
[Site "SchemingMind.com"]
[Date "2009.09.10"]
[Round "-"]
[White "dtedesco"]
[Black "TheTrainer"]
[Result "1-0"]
[WhiteCountry "CAN"]
[BlackCountry "USA"]
[WhiteElo "1494"]
[WhiteRD "65"]
[BlackElo "1328"]
[BlackRD "86"]
[GameID "219187"]

1. e4 e5 2. f4 Nc6 3. Nf3 d6 4. d3 g6 5. c3 Nf6 6. Be2 d5 7. O-O dxe4 8. dxe4 Bc5+ 9. Kh1 Qxd1 10. Rxd1 Ng4
11. Rf1 Nf2+ 12. Kg1 Nxe4+ 13. Kh1 Bf5 14. fxe5 O-O-O 15. Bg5 f6 16. exf6 h6 17. Bf4 Nd2 18. Nbxd2 g5 19. b4 gxf4 20. bxc5 Rhe8
21. Rae1 Ne5 22. Nxe5 Rxe5 23. c6 bxc6 24. Ba6+ Kd7 25. Rxe5 Rf8 26. Rxf5 Ke6 27. Bc8+ Rxc8 28. R1xf4 Rd8 29. f7 Rf8 30. Ne4 Ke7
31. Re5+ Kd7 32. Nc5+ Kd6 33. Re8 Rxe8 34. fxe8=Q Kxc5 35. Qe7+ Kb5 36. Rb4+
1-0

[Event "<1600 WORLD CUP blitz"]
[Site "SchemingMind.com"]
[Date "2009.09.11"]
[Round "-"]
[White "agoodhobby"]
[Black "dtedesco"]
[Result "1-0"]
[WhiteCountry "USA"]
[BlackCountry "CAN"]
[WhiteElo "1495"]
[WhiteRD "56"]
[BlackElo "1494"]
[BlackRD "65"]
[GameID "219408"]

1. e4 c5 2. Nf3 d6 3. d4 Nc6 4. d5 Nb4 5. Bb5+ Bd7 6. Bxd7+ Qxd7 7. a3 Qa4 8. b3 Qa5 9. Bd2 Qb5 10. axb4 cxb4
11. Ra4 a5 12. Bxb4 Qxa4 13. bxa4 axb4 14. c3 bxc3 15. O-O Rc8 16. Qb3 Rc7 17. Nxc3 g6 18. Nb5 Rd7 19. a5 Nf6 20. Rc1 Bg7
21. Rc7 O-O 22. Rxd7 Nxd7 23. Nd2 Rc8 24. h3 Bh6 25. Nc4 Ne5 26. Nxe5 Bf4 27. g3 Bxe5= 28. Na7 Rc7 29. Qb6 Rd7 30. Nc6 Kg7
31. Nxe5 dxe5 32. Kg2 h5 33. f3 f6 34. g4 hxg4 35. fxg4 Kh6 36. Qb5 Kg5 37. Qxd7
1-0

[Event "<1600 WORLD CUP blitz"]
[Site "SchemingMind.com"]
[Date "2009.09.11"]
[Round "-"]
[White "agoodhobby"]
[Black "TheTrainer"]
[Result "1-0"]
[WhiteCountry "USA"]
[BlackCountry "USA"]
[WhiteElo "1373"]
[WhiteRD "63"]
[BlackElo "1227"]
[BlackRD "101"]
[GameID "219409"]

1. e4 e5 2. Nf3 f6 3. Bc4 Ne7 4. d4 d6 5. dxe5 fxe5 6. Nxe5 dxe5 7. Bf7+ Kxf7 8. Qxd8 Bd7 9. Qxc7 b6 10. Qxe5 Nbc6
11. Qf4+ Ke8 12. O-O Rc8 13. Nc3 h6 14. Be3 g5 15. Qf6 Rh7 16. Qf3 Bg4 17. Qxg4 Bg7 18. Rad1 Rd8 19. Rxd8+ Kxd8 20. Rd1+ Ke8
21. h4 gxh4 22. Qxh4 Ng6 23. Qg3 Nce5 24. Nb5 h5 25. Bd4 Rh6 26. Bxe5 Nxe5 27. Qxg7 Rg6 28. Nc7#
1-0

[Event "<1600 WORLD CUP blitz"]
[Site "SchemingMind.com"]
[Date "2009.09.11"]
[Round "-"]
[White "dtedesco"]
[Black "agoodhobby"]
[Result "1-0"]
[WhiteCountry "CAN"]
[BlackCountry "USA"]
[WhiteElo "1520"]
[WhiteRD "73"]
[BlackElo "1373"]
[BlackRD "63"]
[GameID "219410"]

1. c4 Nf6 2. Nf3 e6 3. d4 d5 4. Nc3 Be7 5. Bg5 O-O 6. g3 c5 7. b3 Nc6 8. Bg2 h6 9. Bxf6 Bxf6 10. e3 Qa5
11. Rc1 a6 12. O-O b5 13. Qd2 Rd8 14. dxc5 dxc4 15. Nd4 b4 16. Nxc6 Rxd2 17. Nxa5 Bxc3 18. Bxa8 Bd7 19. Nxc4 Rxa2 20. c6 Be8
21. c7 Bd7 22. Bb7 Bd2 23. Rcd1 Bb5 24. c8=Q+
1-0

[Event "<1600 WORLD CUP blitz"]
[Site "SchemingMind.com"]
[Date "2009.09.13"]
[Round "-"]
[White "TheTrainer"]
[Black "agoodhobby"]
[Result "0-1"]
[WhiteCountry "USA"]
[BlackCountry "USA"]
[WhiteElo "1328"]
[WhiteRD "86"]
[BlackElo "1495"]
[BlackRD "56"]
[GameID "219411"]

1. e4 c5 2. d3 Nc6 3. Nc3 d6 4. Be3 g6 5. Qf3 Bg7 6. a4 Qb6 7. O-O-O e5 8. Nd5 Qd8 9. h4 Nge7 10. Bg5 O-O
11. h5 Nxd5 12. exd5 Qxg5+ 13. Kb1 Bg4 14. Qe3 Qxe3 15. fxe3 Bxd1 16. hxg6 hxg6 17. Kc1 Bh5 18. Kd2 Ne7 19. e4 a6 20. Be2 Bxe2
21. Nxe2 b5 22. axb5 axb5 23. b3 Ra2 24. Nc1 Rb2 25. Kc3 Rb1 26. g4 Bh6 27. Rxh6 Rxc1 28. b4 cxb4+ 29. Kxb4 Rxc2 30. Kxb5 Rb8+
0-1

[Event "<1600 WORLD CUP blitz"]
[Site "SchemingMind.com"]
[Date "2009.09.14"]
[Round "-"]
[White "lame wolf"]
[Black "agoodhobby"]
[Result "0-1"]
[WhiteCountry "INT"]
[BlackCountry "USA"]
[WhiteElo "1070"]
[WhiteRD "60"]
[BlackElo "1373"]
[BlackRD "63"]
[GameID "219700"]

1. Nf3 d5 2. d4 Nf6 3. Nc3 e6 4. Bg5 Be7 5. Qd3 c5 6. Qb5+ Nbd7 7. Bxf6 Bxf6 8. dxc5 O-O 9. e3 Be7 10. e4 Nxc5
11. exd5 exd5 12. Be2 Bd7 13. Nxd5 Bxb5 14. Bxb5 Qxd5 15. O-O Ne4 16. Bd3 Ng5 17. b3 Nxf3+ 18. gxf3 Qxf3 19. a4 Bd6 20. Rad1 Qg4+
0-1

[Event "<1600 WORLD CUP blitz"]
[Site "SchemingMind.com"]
[Date "2009.09.14"]
[Round "-"]
[White "lame wolf"]
[Black "dtedesco"]
[Result "0-1"]
[WhiteCountry "INT"]
[BlackCountry "CAN"]
[WhiteElo "1070"]
[WhiteRD "60"]
[BlackElo "1520"]
[BlackRD "73"]
[GameID "219701"]

1. Nf3 c5 2. e4 Nc6 3. d4 cxd4 4. Nxd4 e5 5. Nxc6 bxc6 6. f3 Nf6 7. Be3 d5 8. Bd3 Bd6 9. Qd2 O-O 10. exd5 cxd5
11. Bg5 h6 12. Bxf6 Qxf6 13. Nc3 Bb7 14. O-O a6 15. Ne2 d4 16. c3 Rfe8 17. cxd4 Rac8 18. b3 exd4 19. Qa5 Qh4 20. Rac1 Qxh2+
21. Kf2 Bg3+
0-1

[Event "<1600 WORLD CUP blitz"]
[Site "SchemingMind.com"]
[Date "2009.09.14"]
[Round "-"]
[White "lame wolf"]
[Black "TheTrainer"]
[Result "0-1"]
[WhiteCountry "INT"]
[BlackCountry "USA"]
[WhiteElo "1089"]
[WhiteRD "59"]
[BlackElo "1328"]
[BlackRD "86"]
[GameID "219702"]

1. Nf3 e6 2. e4 Bc5 3. d3 Qf6 4. Qe2 g5 5. Bxg5 Qxb2 6. Nbd2 Qxa1+ 7. Qd1 Qxa2 8. Qb1 Qxb1+ 9. Nxb1 h6 10. Be3 Bxe3
11. Ke2 Bc5 12. d4 Bb4 13. c3 Ba5 14. Kd3 b6 15. c4 Ba6 16. Na3 Nc6 17. Be2 Nf6 18. e5 Nd5 19. Ke4 f5+ 20. Kd3 Rb8
21. Bd1 b5 22. cxd5 exd5 23. Ke3 b4 24. Nc2 b3 25. Na3 b2 26. Nh4 b1=Q 27. Nxb1 Rxb1
0-1

[Event "<1600 WORLD CUP blitz"]
[Site "SchemingMind.com"]
[Date "2009.09.14"]
[Round "-"]
[White "dtedesco"]
[Black "lame wolf"]
[Result "1-0"]
[WhiteCountry "CAN"]
[BlackCountry "INT"]
[WhiteElo "1520"]
[WhiteRD "73"]
[BlackElo "1070"]
[BlackRD "60"]
[GameID "219704"]

1. e4 g5 2. d4 h6 3. Nc3 Bg7 4. Bc4 e6 5. Nf3 c6 6. a4 d6 7. b4 Qe7 8. b5 c5 9. Ba3 a6 10. O-O cxd4
11. Nxd4 d5 12. Bxe7 Nxe7 13. Re1 dxc4 14. e5 Nd5 15. Nxd5 exd5 16. Qf3 g4 17. Qxd5 axb5 18. Qxb5+ Nc6 19. Nxc6 bxc6 20. Qxc6+
1-0

[Event "<1600 WORLD CUP blitz"]
[Site "SchemingMind.com"]
[Date "2009.09.14"]
[Round "-"]
[White "TheTrainer"]
[Black "lame wolf"]
[Result "1-0"]
[WhiteCountry "USA"]
[BlackCountry "INT"]
[WhiteElo "1328"]
[WhiteRD "86"]
[BlackElo "1089"]
[BlackRD "59"]
[GameID "219705"]

1. d4 d5 2. Nf3 c6 3. Bf4 Nd7 4. c3 e6 5. Nbd2 Ngf6 6. e3 Nb6 7. Bd3 c5 8. Qc2 c4 9. Be2 Ne4 10. Nxe4 dxe4
11. Ng5 Qd7 12. b3 h6 13. Nh3 f5 14. bxc4 Bd6 15. c5 Bxf4 16. cxb6 Bd6 17. bxa7 Rxa7 18. O-O Kf7 19. f4 b5 20. c4 bxc4
21. Qxc4 Qc7 22. Rfc1 Qxc4 23. Bxc4 Bd7 24. Rab1 Rb8 25. Rxb8 Kg6 26. Rb6 Ba3 27. Rcb1 Ra4 28. Bb5 Rb4 29. Rxb4 Bxb4 30. Bxd7
1-0

[Event "<1600 WORLD CUP blitz"]
[Site "SchemingMind.com"]
[Date "2009.09.14"]
[Round "-"]
[White "cool_dude"]
[Black "lame wolf"]
[Result "1-0"]
[WhiteCountry "GBR"]
[BlackCountry "INT"]
[WhiteElo "1343"]
[WhiteRD "140"]
[BlackElo "1070"]
[BlackRD "60"]
[GameID "219785"]

1. d4 d5 2. c4 dxc4 3. Nc3 c6 4. a4 a6 5. e3 b6 6. Bxc4 Be6 7. Bxe6 fxe6 8. Qh5+ g6 9. Qe5 Nf6 10. Qxe6 Qd6
11. Qxd6 exd6 12. Bd2 d5 13. Nf3 Bb4 14. O-O Bxc3 15. Bxc3 O-O 16. Bb4 Re8 17. Rac1 Nbd7 18. Rxc6 b5 19. axb5 axb5 20. Rfc1 Ra4
21. Bd6 Ne4 22. Rc7 Nxd6 23. Rxd7 Nc4 24. b3
1-0

[Event "<1600 WORLD CUP blitz"]
[Site "SchemingMind.com"]
[Date "2009.09.14"]
[Round "-"]
[White "cool_dude"]
[Black "agoodhobby"]
[Result "1/2-1/2"]
[WhiteCountry "GBR"]
[BlackCountry "USA"]
[WhiteElo "1306"]
[WhiteRD "94"]
[BlackElo "1495"]
[BlackRD "56"]
[GameID "219786"]

1. d4 d5 2. c4 e6 3. Nc3 Nf6 4. Bg5 Nbd7 5. cxd5 exd5 6. Nxd5 Nxd5 7. Bxd8 Bb4+ 8. Qd2 Bxd2+ 9. Kxd2 Kxd8 10. e4 N5b6
11. Nf3 h6 12. Bb5 c6 13. Bd3 Re8 14. Rhe1 Re6 15. Rac1 Ke8 16. Rcd1 Kf8 17. Kc1 c5 18. d5 Rg6 19. g3 Nf6 20. e5 Nfxd5
21. Bxg6 fxg6 22. h4 Bg4 23. Rd3 Nb4 24. Ra3 Bxf3 25. Rxf3+ Kg8 26. a3 Nc6 27. e6 Re8 28. Rfe3 Nd4 29. f4 Nc8 30. g4 b5
31. Rc3 Nxe6 32. Rxc5 a6 33. Rxe6 Rxe6 34. Rxc8+ Kh7 35. Rd8 Re4 36. Rf8 g5 37. hxg5 hxg5 38. fxg5 Rxg4 39. Ra8 Rxg5 40. Rxa6 Re5
41. Ra5 g5 42. a4 g4 43. axb5 g3 44. Ra7+ Kh6 45. Kd2 g2 46. Ra1 Rxb5 47. Rg1=
1/2-1/2

[Event "<1600 WORLD CUP blitz"]
[Site "SchemingMind.com"]
[Date "2009.09.14"]
[Round "-"]
[White "cool_dude"]
[Black "dtedesco"]
[Result "0-1"]
[WhiteCountry "GBR"]
[BlackCountry "CAN"]
[WhiteElo "1343"]
[WhiteRD "140"]
[BlackElo "1520"]
[BlackRD "73"]
[GameID "219787"]

1. d4 Nf6 2. c4 g6 3. Nf3 Bg7 4. Nc3 O-O 5. Bg5 d6 6. Qd2 c5 7. e3 Nc6 8. d5 Ne5 9. Nxe5 dxe5 10. Be2 b6
11. Bf3 Bf5 12. O-O-O a6 13. Rhe1 e4 14. Bxf6 exf3 15. Bxg7 Kxg7 16. gxf3 Qc7 17. h4 Qh2 18. Rh1 Qg2 19. e4 Bh3 20. Rdg1 Qxf3
21. Rg3 Qxh1+
0-1

[Event "<1600 WORLD CUP blitz"]
[Site "SchemingMind.com"]
[Date "2009.09.14"]
[Round "-"]
[White "cool_dude"]
[Black "TheTrainer"]
[Result "1-0"]
[WhiteCountry "GBR"]
[BlackCountry "USA"]
[WhiteElo "1306"]
[WhiteRD "94"]
[BlackElo "1328"]
[BlackRD "86"]
[GameID "219788"]

1. d4 d5 2. c4 dxc4 3. Nc3 Be6 4. e4 c5 5. d5 Bd7 6. Bxc4 Nf6 7. Qb3 Qc7 8. d6 exd6 9. Bxf7+ Ke7 10. Bg5 b6
11. Nd5+ Kxf7 12. Nxc7+ Kg6 13. Bxf6 gxf6 14. Nxa8 Nc6 15. Nf3 Bh6 16. Nc7 f5 17. exf5+ Kxf5 18. Qf7+ Ke4 19. Qxd7 Ne5 20. Qxd6 Rg8
21. Qxe5+ Kd3 22. Qd5+ Kc2 23. Qxg8 Kxb2 24. Qb3+ Kxa1 25. O-O+
1-0

[Event "<1600 WORLD CUP blitz"]
[Site "SchemingMind.com"]
[Date "2009.09.14"]
[Round "-"]
[White "lame wolf"]
[Black "cool_dude"]
[Result "0-1"]
[WhiteCountry "INT"]
[BlackCountry "GBR"]
[WhiteElo "1089"]
[WhiteRD "59"]
[BlackElo "1306"]
[BlackRD "94"]
[GameID "219789"]

1. c4 c6 2. Nc3 e6 3. d4 d5 4. c5 b6 5. e3 bxc5 6. dxc5 Bxc5 7. Bd3 Nf6 8. Qe2 Bb7 9. Qc2 Qa5 10. Ne2 Nbd7
11. Qa4 Bb4 12. Qxa5 Bxa5 13. a3 Bxc3+ 14. Nxc3 O-O 15. O-O Rab8 16. Re1 Nc5 17. Bc2 Ba6 18. Rb1 Bd3 19. Bxd3 Nxd3 20. Re2 c5
21. b4 cxb4 22. axb4 Nxb4 23. Ba3 Nd3 24. Bxf8 Rxf8 25. Ra2 Rc8 26. Rb7 h6 27. Ra3 Ne4 28. Rbxa7 Nxc3 29. g4 Nb5
0-1

[Event "<1600 WORLD CUP blitz"]
[Site "SchemingMind.com"]
[Date "2009.09.14"]
[Round "-"]
[White "agoodhobby"]
[Black "cool_dude"]
[Result "0-1"]
[WhiteCountry "USA"]
[BlackCountry "GBR"]
[WhiteElo "1373"]
[WhiteRD "63"]
[BlackElo "1343"]
[BlackRD "140"]
[GameID "219790"]

1. e4 e5 2. Nf3 d6 3. d4 exd4 4. Nxd4 Nf6 5. Nc3 Bd7 6. Bc4 Nc6 7. O-O Ne5 8. Bb3 Be7 9. Bg5 h6 10. Bxf6 Bxf6
11. Nf3 O-O 12. Nd5 Bg4 13. Ne3 Nxf3+ 14. gxf3 Bh5 15. c3 Be5 16. Ng4 Qg5 17. Kh1 Bxg4 18. fxg4 Qf4 19. Kg2 Qxh2+ 20. Kf3 Qf4+
21. Ke2 Qxe4+ 22. Kd2 Bf4#
0-1

[Event "<1600 WORLD CUP blitz"]
[Site "SchemingMind.com"]
[Date "2009.09.14"]
[Round "-"]
[White "dtedesco"]
[Black "cool_dude"]
[Result "1-0"]
[WhiteCountry "CAN"]
[BlackCountry "GBR"]
[WhiteElo "1494"]
[WhiteRD "65"]
[BlackElo "1306"]
[BlackRD "94"]
[GameID "219791"]

1. e4 e5 2. f4 exf4 3. Nf3 Nf6 4. e5 Ng4 5. d4 d6 6. Bxf4 dxe5 7. Bxe5 Nc6 8. Nc3 Bb4 9. Qd3 Ngxe5 10. Nxe5 Qxd4
11. Qxd4 Nxd4 12. O-O-O c5 13. Bb5+ Nxb5 14. Nxb5 O-O 15. Nd6 Be6 16. a3 Ba5 17. g4 Bc7 18. h3 Rad8 19. Nxb7 Rb8 20. Nd7 Bxd7
21. Nxc5 Be6 22. Rhe1 Rfe8 23. Rd4 Bb6 24. Re5 Rbc8 25. b4 Bxc5 26. bxc5
1-0

[Event "<1600 WORLD CUP blitz"]
[Site "SchemingMind.com"]
[Date "2009.09.15"]
[Round "-"]
[White "TheTrainer"]
[Black "cool_dude"]
[Result "0-1"]
[WhiteCountry "USA"]
[BlackCountry "GBR"]
[WhiteElo "1227"]
[WhiteRD "101"]
[BlackElo "1343"]
[BlackRD "140"]
[GameID "219792"]

1. e4 e5 2. Qh5 d6 3. Nc3 Nf6 4. Qf3 Bg4 5. Qe3 Nc6 6. f3 Nd4 7. Kd1 Bh5 8. g4 Bg6 9. b3 d5 10. exd5 Nxc2
11. f4 Nxe3+ 12. Ke2 Nc2 13. f5 Bxf5 14. gxf5 Nxa1 15. Bb2 Nc2 16. Kd3 Nb4+ 17. Kc4 Nbxd5 18. Nxd5 Qxd5+ 19. Kc3 Qxh1 20. Bb5+ c6
21. Ne2 cxb5 22. a3 Rc8+ 23. Kd3 Qe4#
0-1

[Event "<1600 WORLD CUP blitz"]
[Site "SchemingMind.com"]
[Date "2009.09.14"]
[Round "-"]
[White "OffTheTopRope"]
[Black "lame wolf"]
[Result "1-0"]
[WhiteCountry "USA"]
[BlackCountry "INT"]
[WhiteElo "1717"]
[WhiteRD "80"]
[BlackElo "1089"]
[BlackRD "59"]
[GameID "219833"]

1. e4 c5 2. Nf3 b6 3. d4 Qc7 4. e5 e6 5. Bc4 Bb7 6. Nc3 d6 7. Bf4 d5 8. Bb5+ Bc6 9. Bxc6+ Nxc6 10. a3 c4
11. Nb5 Qd7 12. O-O a6 13. Nd6+ Ke7 14. Ng5 Nd8 15. Qh5 g6 16. Qh4 Nb7 17. Nxh7+ f6 18. exf6+ Kd8 19. f7+
1-0

[Event "<1600 WORLD CUP blitz"]
[Site "SchemingMind.com"]
[Date "2009.09.14"]
[Round "-"]
[White "OffTheTopRope"]
[Black "cool_dude"]
[Result "1-0"]
[WhiteCountry "USA"]
[BlackCountry "GBR"]
[WhiteElo "1717"]
[WhiteRD "80"]
[BlackElo "1306"]
[BlackRD "94"]
[GameID "219834"]

1. d4 d5 2. c4 e6 3. cxd5 exd5 4. Nc3 Nf6 5. Bg5 Be7 6. e3 O-O 7. Bd3 Nc6 8. Nf3 Bg4 9. Bxf6 Bxf6 10. O-O Qe7
11. Nxd5 Qd6 12. Nxf6+ Qxf6 13. Be2 Rad8 14. Rc1 Bxf3 15. Bxf3 Na5 16. Rxc7 Qb6 17. Qc2 Rd6 18. Qc5
1-0

[Event "<1600 WORLD CUP blitz"]
[Site "SchemingMind.com"]
[Date "2009.09.16"]
[Round "-"]
[White "OffTheTopRope"]
[Black "agoodhobby"]
[Result "1-0"]
[WhiteCountry "USA"]
[BlackCountry "USA"]
[WhiteElo "1610"]
[WhiteRD "115"]
[BlackElo "1373"]
[BlackRD "63"]
[GameID "219835"]

1. d4 d5 2. Nc3 Nf6 3. Nf3 Bf5 4. Bf4 e6 5. e3 c6 6. a3 Bd6 7. Ne5 O-O 8. Bd3 Bxd3 9. cxd3 a5 10. O-O Nbd7
11. Nxc6 bxc6 12. Bxd6 Re8 13. Rc1 Nb6 14. Bg3 Nh5 15. Qxh5 Na4 16. Nxa4 Qb8 17. Bxb8
1-0

[Event "<1600 WORLD CUP blitz"]
[Site "SchemingMind.com"]
[Date "2009.09.14"]
[Round "-"]
[White "OffTheTopRope"]
[Black "dtedesco"]
[Result "1-0"]
[WhiteCountry "USA"]
[BlackCountry "CAN"]
[WhiteElo "1717"]
[WhiteRD "80"]
[BlackElo "1494"]
[BlackRD "65"]
[GameID "219836"]

1. Nf3 c5 2. e4 e6 3. d4 cxd4 4. Nxd4 Nf6 5. Nc3 Bc5 6. Nb3 Nc6 7. Nxc5 a6 8. Bg5 O-O 9. Qf3 Nd4 10. Qd3 e5
11. Nd5 Qa5+ 12. b4 Qb5 13. Nxf6+ gxf6 14. Qg3 Qxb4+ 15. Bd2+ Kh8 16. Bxb4 Nxc2+ 17. Kd2 Rg8 18. Qxg8+ Kxg8 19. Kxc2 b6 20. Na4 Bb7
21. f3 d5 22. Nxb6 Rd8 23. Be7 Re8 24. Bxf6 Re6 25. Nxd5 Bxd5 26. Bxe5 Rxe5 27. exd5 Rxd5 28. Bxa6 f5 29. Rad1
1-0

[Event "<1600 WORLD CUP blitz"]
[Site "SchemingMind.com"]
[Date "2009.09.14"]
[Round "-"]
[White "OffTheTopRope"]
[Black "TheTrainer"]
[Result "1-0"]
[WhiteCountry "USA"]
[BlackCountry "USA"]
[WhiteElo "1610"]
[WhiteRD "115"]
[BlackElo "1227"]
[BlackRD "101"]
[GameID "219837"]

1. e4 d5 2. exd5 Qxd5 3. Nc3 Qe6+ 4. Be2 Nf6 5. Nf3 c5 6. O-O Ng4 7. Re1 g6 8. Bb5+ Bd7 9. Rxe6 fxe6 10. d4 a6
11. Bxd7+ Nxd7 12. dxc5 Nxc5 13. Qd4 Rg8 14. Qxc5 Rd8 15. Qc7 b5 16. Qc6+ Kf7 17. Ng5+ Kf6 18. Qxe6+ Kg7 19. Qf7+ Kh6 20. Qxh7#
1-0

[Event "<1600 WORLD CUP blitz"]
[Site "SchemingMind.com"]
[Date "2009.09.14"]
[Round "-"]
[White "lame wolf"]
[Black "OffTheTopRope"]
[Result "0-1"]
[WhiteCountry "INT"]
[BlackCountry "USA"]
[WhiteElo "1089"]
[WhiteRD "59"]
[BlackElo "1717"]
[BlackRD "80"]
[GameID "219838"]

1. b4 c6 2. a3 e5 3. Bb2 d6 4. d4 Be6 5. dxe5 d5 6. f4 Qb6 7. Qd4 Nd7 8. Qxb6 Nxb6 9. e3 Bf5 10. Bd3 Bd7
11. Nd2 Na4 12. f5 Nxb2 13. Rb1 Nxd3+ 14. cxd3 Bxf5 15. e4 Bg6 16. exd5 Bxd3 17. dxc6 Bxb1 18. Nxb1 bxc6 19. Nf3 Nh6 20. O-O Rd8
21. Re1 Be7 22. e6 Rd5 23. exf7+ Nxf7 24. Nc3 a5 25. Nxd5 cxd5 26. bxa5 Kd7 27. a4 Ra8 28. Nd4 Bc5
0-1

[Event "<1600 WORLD CUP blitz"]
[Site "SchemingMind.com"]
[Date "2009.09.14"]
[Round "-"]
[White "cool_dude"]
[Black "OffTheTopRope"]
[Result "0-1"]
[WhiteCountry "GBR"]
[BlackCountry "USA"]
[WhiteElo "1306"]
[WhiteRD "94"]
[BlackElo "1717"]
[BlackRD "80"]
[GameID "219839"]

1. d4 d5 2. c4 c6 3. Nc3 Nf6 4. Bg5 e6 5. e3 Nbd7 6. cxd5 cxd5 7. Bb5 Be7 8. Nf3 O-O 9. O-O a6 10. Qa4 Nb6
11. Qb3 axb5 12. Qxb5 Nc4 13. Qb3 Bd7 14. Rab1 Ne4 15. Nxe4 dxe4 16. Bxe7 Qxe7 17. Qxc4 Ra4 18. Qe2 exf3
0-1

[Event "<1600 WORLD CUP blitz"]
[Site "SchemingMind.com"]
[Date "2009.09.16"]
[Round "-"]
[White "agoodhobby"]
[Black "OffTheTopRope"]
[Result "0-1"]
[WhiteCountry "USA"]
[BlackCountry "USA"]
[WhiteElo "1373"]
[WhiteRD "63"]
[BlackElo "1610"]
[BlackRD "115"]
[GameID "219840"]

1. e4 c5 2. Nf3 e6 3. Bc4 a6 4. Nc3 b5 5. Be2 Bb7 6. O-O Nf6 7. d3 Qc7 8. Bg5 Bd6 9. Bxf6 gxf6 10. Re1 Nc6
11. a3 h5 12. b4 cxb4 13. axb4 Nxb4 14. d4 Qxc3 15. e5 Be7 16. h3 Nxc2
0-1

[Event "<1600 WORLD CUP blitz"]
[Site "SchemingMind.com"]
[Date "2009.09.14"]
[Round "-"]
[White "dtedesco"]
[Black "OffTheTopRope"]
[Result "0-1"]
[WhiteCountry "CAN"]
[BlackCountry "USA"]
[WhiteElo "1494"]
[WhiteRD "65"]
[BlackElo "1717"]
[BlackRD "80"]
[GameID "219841"]

1. c4 e5 2. Nc3 Nf6 3. e4 c6 4. Nf3 Bc5 5. g3 d6 6. Bg2 Qb6 7. O-O Ng4 8. d4 Bxd4 9. Nxd4 exd4 10. Na4 Qa5
11. b3 c5 12. Bd2 Qc7 13. Re1 O-O 14. Bf4 Nc6 15. Rc1 Nge5 16. h3 Be6 17. Bxe5 Nxe5 18. f4 Nc6 19. f5 Bd7 20. Nb2 Nb4
21. Nd3 Nxa2 22. Rb1 Nc3 23. Qd2 Nxb1 24. Rxb1 Rfe8 25. b4 cxb4 26. Nxb4 Qc5 27. f6 Qh5 28. fxg7 Bxh3 29. Bxh3 Qxh3 30. Qxd4 Qxg3+
31. Kf1 Qf3+ 32. Kg1 Rxe4 33. Rf1 Qg3+
0-1

[Event "<1600 WORLD CUP blitz"]
[Site "SchemingMind.com"]
[Date "2009.09.15"]
[Round "-"]
[White "TheTrainer"]
[Black "OffTheTopRope"]
[Result "0-1"]
[WhiteCountry "USA"]
[BlackCountry "USA"]
[WhiteElo "1328"]
[WhiteRD "86"]
[BlackElo "1717"]
[BlackRD "80"]
[GameID "219842"]

1. e4 d5 2. e5 Bf5 3. d4 e6 4. Nc3 c5 5. dxc5 Bxc5 6. Bb5+ Nc6 7. Bf4 Ne7 8. Nf3 O-O 9. Qe2 Bg4 10. h3 Nd4
11. Qd3 Bf5 12. Qd2 Nxc2+ 13. Ke2 d4 14. Rac1 dxc3 15. Qxc3 Nd5 16. Qxc5 Nxf4+ 17. Kf1 a6 18. Bc4 Rc8 19. Qa7 Rxc4 20. Qxb7 Ne3+
21. fxe3 Rxc1+ 22. Ne1 Rxe1+ 23. Kxe1 Qh4+ 24. Kf1 Bd3+ 25. Kg1 Ne2+ 26. Kf1 Ng3+ 27. Kg1 Ne2+
0-1

[Event "<1600 WORLD CUP blitz"]
[Site "SchemingMind.com"]
[Date "2009.09.15"]
[Round "-"]
[White "lumamo"]
[Black "lame wolf"]
[Result "1-0"]
[WhiteCountry "ESP"]
[BlackCountry "INT"]
[WhiteElo "1583"]
[WhiteRD "96"]
[BlackElo "1070"]
[BlackRD "60"]
[GameID "219954"]

1. e4 g5 2. d4 h6 3. f4 e6 4. fxg5 hxg5 5. Nf3 f6 6. e5 f5 7. Bxg5 Be7 8. Bxe7 Nxe7 9. Nc3 d5 10. exd6 Nd5
11. Nxd5 exd5 12. Qe2+ Kd7 13. dxc7 Qxc7 14. Qe5 Qxe5+ 15. Nxe5+ Ke6 16. c4 Nd7 17. Nxd7 Bxd7 18. c5 Bc6 19. Bd3 Rag8 20. O-O b6
21. Bxf5+ Kf6 22. Bh7+
1-0

[Event "<1600 WORLD CUP blitz"]
[Site "SchemingMind.com"]
[Date "2009.09.15"]
[Round "-"]
[White "lumamo"]
[Black "cool_dude"]
[Result "0-1"]
[WhiteCountry "ESP"]
[BlackCountry "GBR"]
[WhiteElo "1360"]
[WhiteRD "78"]
[BlackElo "1306"]
[BlackRD "94"]
[GameID "219955"]

1. e4 e5 2. f4 exf4 3. Nf3 Nf6 4. d4 Nxe4 5. Qe2 d5 6. Bxf4 Bd6 7. Bxd6 Qxd6 8. Ne5 O-O 9. Qf3 Qb4+ 10. Nc3 Qxd4
11. Qf4 Nd7 12. Nxd7 Bxd7 13. Bd3 Rfe8 14. O-O-O c5 15. Bb5 Qf6 16. Qxf6 Nxf6 17. Bxd7 Nxd7 18. Rxd5 Rad8 19. Rhd1 Re7 20. Rxc5 Rde8
21. Rc7 Nf6 22. Rxe7 Rxe7
0-1

[Event "<1600 WORLD CUP blitz"]
[Site "SchemingMind.com"]
[Date "2009.09.16"]
[Round "-"]
[White "lumamo"]
[Black "agoodhobby"]
[Result "0-1"]
[WhiteCountry "ESP"]
[BlackCountry "USA"]
[WhiteElo "1583"]
[WhiteRD "96"]
[BlackElo "1373"]
[BlackRD "63"]
[GameID "219956"]

1. e4 c5 2. f4 d5 3. e5 e6 4. Nf3 Nc6 5. Bb5 Bd7 6. O-O a6 7. Bxc6 Bxc6 8. Nc3 d4 9. Ne2 Be7 10. c3 d3
11. Ng3 c4 12. a4 b5 13. axb5 axb5 14. Rxa8 Qxa8 15. b3 Bc5+ 16. Kh1 Ne7 17. bxc4 bxc4 18. Ne4 Bxe4 19. Nh4 O-O 20. Qg4 Nf5
21. Nf3 f6 22. Nd4 Nxd4 23. cxd4 f5 24. Qg3 Bxd4 25. h4 c3 26. dxc3 Bxc3 27. Qf2 Qd5 28. Bd2 Bd4 29. Qg3 Qa2 30. Be3 Qe2
31. Qf2 Qxe3 32. Qxe3 Bxe3 33. h5 d2
0-1

[Event "<1600 WORLD CUP blitz"]
[Site "SchemingMind.com"]
[Date "2009.09.15"]
[Round "-"]
[White "lumamo"]
[Black "OffTheTopRope"]
[Result "0-1"]
[WhiteCountry "ESP"]
[BlackCountry "USA"]
[WhiteElo "1360"]
[WhiteRD "78"]
[BlackElo "1717"]
[BlackRD "80"]
[GameID "219957"]

1. e4 e5 2. f4 d5 3. exd5 e4 4. d3 Nf6 5. Nc3 Bb4 6. dxe4 Nxe4 7. Qe2 Qxd5 8. Bd2 Qxd2+ 9. Qxd2 Nxd2 10. Kxd2 O-O
11. Bd3 Be6 12. Re1 Rd8 13. Ne2 Na6
0-1

[Event "<1600 WORLD CUP blitz"]
[Site "SchemingMind.com"]
[Date "2009.09.15"]
[Round "-"]
[White "lumamo"]
[Black "dtedesco"]
[Result "0-1"]
[WhiteCountry "ESP"]
[BlackCountry "CAN"]
[WhiteElo "1360"]
[WhiteRD "78"]
[BlackElo "1494"]
[BlackRD "65"]
[GameID "219958"]

1. e4 c5 2. f4 e6 3. Nf3 a6 4. Nc3 Nc6 5. Bd3 b6 6. O-O g6 7. a4 Bg7 8. Be2 d6 9. b3 d5 10. exd5 exd5
11. Ba3 Nf6 12. Ne5 Bb7 13. Bf3 O-O 14. Nxc6 Bxc6 15. b4 Qc7 16. bxc5 Rfe8 17. cxb6 Qxb6+ 18. d4 Rac8 19. Bc5 Qb7 20. a5 Rcd8
0-1